<?xml version="1.0" encoding="UTF-8"?>
<record
    xmlns:xsi="http://www.w3.org/2001/XMLSchema-instance"
    xsi:schemaLocation="http://www.loc.gov/MARC21/slim http://www.loc.gov/standards/marcxml/schema/MARC21slim.xsd"
    xmlns="http://www.loc.gov/MARC21/slim">

  <leader>01735nam a22002777a 4500</leader>
  <controlfield tag="003">NALT</controlfield>
  <controlfield tag="005">20240918102529.0</controlfield>
  <controlfield tag="008">240916b        th ||||| |||| 00| 0 tha d</controlfield>
  <datafield tag="020" ind1=" " ind2=" ">
    <subfield code="a">9786163411044</subfield>
  </datafield>
  <datafield tag="040" ind1=" " ind2=" ">
    <subfield code="a">NALT</subfield>
  </datafield>
  <datafield tag="050" ind1=" " ind2=" ">
    <subfield code="a">HC 441</subfield>
    <subfield code="b">&#xE10;162&#xE01; 2564</subfield>
  </datafield>
  <datafield tag="100" ind1="0" ind2=" ">
    <subfield code="a">&#xE10;&#xE32;&#xE01;&#xE39;&#xE23; &#xE1E;&#xE32;&#xE19;&#xE34;&#xE0A;</subfield>
    <subfield code="9">64752</subfield>
  </datafield>
  <datafield tag="245" ind1="1" ind2="0">
    <subfield code="a">&#xE01;&#xE27;&#xE48;&#xE32;&#xE08;&#xE30;&#xE21;&#xE32;&#xE40;&#xE1B;&#xE47;&#xE19;&#xE1B;&#xE23;&#xE30;&#xE0A;&#xE32;&#xE04;&#xE21;&#xE2D;&#xE32;&#xE40;&#xE0B;&#xE35;&#xE22;&#xE19; = </subfield>
    <subfield code="b">ASEAN's Arduous Journey / </subfield>
    <subfield code="c">&#xE10;&#xE32;&#xE01;&#xE39;&#xE23; &#xE1E;&#xE32;&#xE19;&#xE34;&#xE0A;.</subfield>
  </datafield>
  <datafield tag="250" ind1=" " ind2=" ">
    <subfield code="a">&#xE1E;&#xE34;&#xE21;&#xE1E;&#xE4C;&#xE04;&#xE23;&#xE31;&#xE49;&#xE07;&#xE17;&#xE35;&#xE48; 1.</subfield>
  </datafield>
  <datafield tag="260" ind1=" " ind2=" ">
    <subfield code="a">&#xE01;&#xE23;&#xE38;&#xE07;&#xE40;&#xE17;&#xE1E;&#xE2F; :</subfield>
    <subfield code="b">&#xE28;&#xE39;&#xE19;&#xE22;&#xE4C;&#xE28;&#xE36;&#xE01;&#xE29;&#xE32;&#xE01;&#xE32;&#xE23;&#xE15;&#xE48;&#xE32;&#xE07;&#xE1B;&#xE23;&#xE30;&#xE40;&#xE17;&#xE28; &#xE01;&#xE23;&#xE30;&#xE17;&#xE23;&#xE27;&#xE07;&#xE01;&#xE32;&#xE23;&#xE15;&#xE48;&#xE32;&#xE07;&#xE1B;&#xE23;&#xE30;&#xE40;&#xE17;&#xE28;,</subfield>
    <subfield code="c">2564.</subfield>
  </datafield>
  <datafield tag="300" ind1=" " ind2=" ">
    <subfield code="a">38 &#xE2B;&#xE19;&#xE49;&#xE32; ;</subfield>
    <subfield code="c">21 &#xE0B;&#xE21;.</subfield>
  </datafield>
  <datafield tag="505" ind1="2" ind2=" ">
    <subfield code="a">&#xE1A;&#xE17;&#xE04;&#xE31;&#xE14;&#xE22;&#xE48;&#xE2D; -- &#xE1A;&#xE17;&#xE19;&#xE33; -- &#xE20;&#xE39;&#xE21;&#xE34;&#xE2B;&#xE25;&#xE31;&#xE07; -- &#xE40;&#xE2B;&#xE15;&#xE38;&#xE1C;&#xE25;&#xE02;&#xE2D;&#xE07;&#xE01;&#xE32;&#xE23;&#xE01;&#xE48;&#xE2D;&#xE15;&#xE31;&#xE49;&#xE07;&#xE2D;&#xE32;&#xE40;&#xE0B;&#xE35;&#xE22;&#xE19; -- &#xE01;&#xE32;&#xE23;&#xE2D;&#xE18;&#xE34;&#xE1A;&#xE32;&#xE22;&#xE1B;&#xE23;&#xE32;&#xE01;&#xE0F;&#xE01;&#xE32;&#xE23;&#xE13;&#xE4C;&#xE20;&#xE39;&#xE21;&#xE34;&#xE20;&#xE32;&#xE04;&#xE19;&#xE34;&#xE22;&#xE21;&#xE41;&#xE25;&#xE30;&#xE01;&#xE32;&#xE23;&#xE1A;&#xE39;&#xE23;&#xE13;&#xE32;&#xE01;&#xE32;&#xE23;&#xE02;&#xE2D;&#xE07;&#xE2D;&#xE32;&#xE40;&#xE0B;&#xE35;&#xE22;&#xE19; -- &#xE1E;&#xE31;&#xE12;&#xE19;&#xE32;&#xE01;&#xE32;&#xE23;&#xE2B;&#xE25;&#xE31;&#xE01;&#xE17;&#xE35;&#xE48;&#xE19;&#xE33;&#xE44;&#xE1B;&#xE2A;&#xE39;&#xE48;&#xE01;&#xE32;&#xE23;&#xE40;&#xE1B;&#xE47;&#xE19;&#xE1B;&#xE23;&#xE30;&#xE0A;&#xE32;&#xE04;&#xE21;&#xE2D;&#xE32;&#xE40;&#xE0B;&#xE35;&#xE22;&#xE19; -- &#xE08;&#xE30;&#xE01;&#xE49;&#xE32;&#xE27;&#xE44;&#xE1B;&#xE02;&#xE49;&#xE32;&#xE07;&#xE2B;&#xE19;&#xE49;&#xE32;&#xE14;&#xE49;&#xE27;&#xE22;&#xE01;&#xE31;&#xE19;&#xE15;&#xE48;&#xE2D;&#xE44;&#xE1B;.</subfield>
  </datafield>
  <datafield tag="610" ind1="2" ind2="4">
    <subfield code="a">&#xE2A;&#xE21;&#xE32;&#xE04;&#xE21;&#xE2D;&#xE32;&#xE40;&#xE0B;&#xE35;&#xE22;&#xE19;</subfield>
    <subfield code="9">15906</subfield>
  </datafield>
  <datafield tag="650" ind1=" " ind2="4">
    <subfield code="a">&#xE1B;&#xE23;&#xE30;&#xE0A;&#xE32;&#xE04;&#xE21;&#xE2D;&#xE32;&#xE40;&#xE0B;&#xE35;&#xE22;&#xE19;</subfield>
    <subfield code="9">27759</subfield>
  </datafield>
  <datafield tag="651" ind1=" " ind2="4">
    <subfield code="a">&#xE01;&#xE25;&#xE38;&#xE48;&#xE21;&#xE1B;&#xE23;&#xE30;&#xE40;&#xE17;&#xE28;&#xE2D;&#xE32;&#xE40;&#xE0B;&#xE35;&#xE22;&#xE19;</subfield>
    <subfield code="9">6281</subfield>
  </datafield>
  <datafield tag="700" ind1="0" ind2=" ">
    <subfield code="a">Thakur Phanit</subfield>
    <subfield code="9">64770</subfield>
  </datafield>
  <datafield tag="942" ind1=" " ind2=" ">
    <subfield code="c">GB</subfield>
    <subfield code="2">lcc</subfield>
  </datafield>
  <datafield tag="996" ind1=" " ind2=" ">
    <subfield code="a">chunbijaya.r</subfield>
    <subfield code="b">CATSTF	</subfield>
    <subfield code="c">2024-09-16</subfield>
  </datafield>
  <datafield tag="996" ind1=" " ind2=" ">
    <subfield code="a">saiphon.d</subfield>
    <subfield code="b">CATSTF	</subfield>
    <subfield code="c">2024-09-18</subfield>
  </datafield>
  <datafield tag="999" ind1=" " ind2=" ">
    <subfield code="c">105730</subfield>
    <subfield code="d">105730</subfield>
  </datafield>
  <datafield tag="998" ind1=" " ind2=" ">
    <subfield code="j">104</subfield>
    <subfield code="k"> &#xE19;&#xE32;&#xE07;&#xE2A;&#xE32;&#xE27;&#xE2A;&#xE32;&#xE22;&#xE1D;&#xE19;  &#xE14;&#xE35;&#xE07;&#xE32;&#xE21;</subfield>
  </datafield>
  <datafield tag="952" ind1=" " ind2=" ">
    <subfield code="0">0</subfield>
    <subfield code="1">0</subfield>
    <subfield code="2">lcc</subfield>
    <subfield code="4">0</subfield>
    <subfield code="7">0</subfield>
    <subfield code="8">CRSH</subfield>
    <subfield code="a">NALT</subfield>
    <subfield code="b">NALT</subfield>
    <subfield code="c">RSH</subfield>
    <subfield code="d">2024-09-16</subfield>
    <subfield code="l">0</subfield>
    <subfield code="o">&#xE27; ASEAN HC 441 &#xE10;162&#xE01; 2564</subfield>
    <subfield code="p">3961214538</subfield>
    <subfield code="r">2024-09-16 00:00:00</subfield>
    <subfield code="w">2024-09-16</subfield>
    <subfield code="y">GB</subfield>
  </datafield>
</record>
